000 00945nam a22002537a 4500
005 20170124103133.0
010 _aB-004820
020 _c350.00
035 _aB-004820
037 _bCen Lib/Ret
040 _aDPL
_bHN
082 _a851
_bशिवकु
100 _aशिव कुमार
_984599
245 _aपूरा कवि संग्रह /
_cशिव कुमार
246 _aPura kavi sangrah
_bby Shiv Kumar
260 _aदिल्ली
_bआरसी पब्लिशेर्स
_c2000
270 _aचांदनी चौक
_bदिल्ली
_e110006
300 _a670पृष्ठ.
_c20सेमी(सजिल्द)
650 _aहिंदी साहित्य
_984600
650 _aकविता संग्रह
_984601
650 _aHindi literature
_984602
650 _aPoetry Collection
_984603
942 _2ddc
_cHN
_h851
_mशिवकु
999 _c119379
_d119379